Euroreport plus časopis na prezentáciu Slovenska v Európskej únii

Salvato in:
Dettagli Bibliografici
Natura: Periodico
Lingua:slovacco
Pubblicazione: Bratislava Euroreport plus
Soggetti:
Tags: Aggiungi Tag
Nessun Tag, puoi essere il primo ad aggiungerne!!

MARC

LEADER 00000nas1a2200000$$$4500
001 0052796
005 20230908071426.4
022 |a 1336-8796 
041 0 |a slo 
044 |a SK 
245 1 0 |a Euroreport plus  |b časopis na prezentáciu Slovenska v Európskej únii 
264 1 |a Bratislava  |b Euroreport plus 
500 |a Časopis prestal vychádzať 30.5.2013 
610 2 0 |a integrácia ekonomická medzinárodná 
610 2 0 |a Slovensko 
610 2 0 |a Európska únia